000
00316nam a2200133Ia 4500
008
150301s2015 xx 000 0 und d
082
_a
615.1
_b
E14S
100
_a
K.C. SINGHAL
245
_a
ESSENTIALS OF PHARMACO- THROPLOTICS
260
_b
CBS- DELHI
300
_a
150
650
_a
PHARMACEUTICS
942
_2
ddc
_c
BK
999
_c
7122
_d
7122